01484nam a2200397 i 450000100060000000300080000600500170001400600190003100700150005000800410006502000180010602000280012403500220015204000310017405000210020508000120022608200160023810000330025424500970028726400490038430000410043333600290047433700330050333800430053649000300057950400290060958800830063859001620072165000140088365000330089765500270093079700180095783000310097585600630100699900170106957372FINmELB20241216232924.0m o u cr cn|||||||||240922s2020 ag ob 000 0 spa d z9789500530095 a9789500530095q(e-book) a(OCoLC)1456878988 aFINmELBbspaerdacFINmELB14aGV951bS578 2020 a796.33204a796.3322231 aSignorini, Fernando,eautor.10aFútbol, llamado a la rebelión :bla deshumanización del deporte /cFernando Signorini. 1aBuenos Aires :bEdiciones Corregidor,c2020. a1 recurso en línea (241 páginas) atextobtxt2rdamedia/spa acomputadorabc2rdamedia/spa arecurso en líneabcr2rdacarrier/spa1 aCorregidor deportes ;v21 aContiene bibliografía. aDescripción basada en metadatos suministrados por el editor y otras fuentes. aRecurso electrónico. Santa Fe, Arg.: elibro, 2024. Disponible vía World Wide Web. El acceso puede estar limitado para las bibliotecas afiliadas a elibro. 4aFútbol. 4aDeportesxAspectos sociales. 4aLibros electrónicos.2 aelibro, Corp. 0aCorregidor deportes ;v21.40uhttps://elibro.net/ereader/politecnicointernacional/272258 c57372d57372